000 00287nam a2200121Ia 4500
008 231129s9999||||xx |||||||||||||| ||spa||
040 _bspa
082 _aR 617.7 M193m
100 _aMaggiore Luis
245 0 _aManual de oftalmologia
264 _aCientifico-medica
942 _2ddc
_cBKS
999 _c20416
_d20416